000 00307nam a2200121 a 4500
008 110428s1990|||| d
245 1 0 _aFrancúzsko/slovenský frazeologický slovník
100 1 _aGrundlerová, Viera
260 _bSPN
_c1990
_aBratislava
020 _c99
044 _axo
_cSK
041 _aslo
999 _c19247
_d19247